00766nam a2200229Ia 450000500170000000800410001702000250005804000190008304100120010208200170011410000180013124500510014926000630020030000180026350400360028165000340031765100380035185000100038994200070039999900160040695201140042220230612121012.0131103s9999 xx 000 0 und d a719042569cGBP 14.99 aLoreto College aEnglish a940.21b SWA aSwanson, R.N. 4aThe twelfth-century renaissancecR. N. Swanson aManchester and New YorkbManchester University Pressc1999 aix,240pb ill aIncludes bibliography and index aEurope, History, 12th Century aRenaissance, 12th Century, Europe aLCLIB cBK c7712d58191 00102ddc4070aMAINbMAINd2013-11-04l3o940.21 SWA 44044pB7587r2016-12-05s2016-12-05w2013-11-04yBKf